00143 a2200073 450000100060000010000190000624500180002526000260004325673 aHafiz, Sherazi aDewan-e-Hafiz abSh Ghulam Alic1968